|
|
|
|
| LEADER |
01045nta a2200229 i 4500 |
| 001 |
dokt3986 |
| 005 |
20200526081413.0 |
| 008 |
170505s2017 hu om 0|| eng d |
| 024 |
7 |
|
|a 10.14232/phd.3986
|2 doi
|
| 024 |
7 |
|
|a 3266877
|2 mtmt
|
| 040 |
|
|
|a SZTE Doktori Repozitórium
|b hun
|
| 041 |
|
|
|a eng
|
| 100 |
1 |
|
|a Csábi József
|
| 245 |
1 |
0 |
|a Preparation of novel bioactive semi-synthetic ecdysteroid derivatives
|h [elektronikus dokumentum] /
|c Csábi József
|
| 246 |
1 |
0 |
|a Új, bioaktív félszintetikus ekdiszteroid származékok előállítása
|h [elektronikus dokumentum]
|
| 260 |
|
|
|c 2017-05-22
|
| 502 |
|
|
|a Disszertacio
|
| 650 |
|
4 |
|a gyógyszerészeti tudományok
|
| 700 |
1 |
|
|a Hunyadi Attila
|e ths
|
| 856 |
4 |
0 |
|u https://doktori.bibl.u-szeged.hu/id/eprint/3986/1/PhD_thesis_Csabi_Jozsef.pdf
|z Dokumentum-elérés
|
| 856 |
4 |
0 |
|u https://doktori.bibl.u-szeged.hu/id/eprint/3986/3/angol_tezisfuzet_Csabi_Jozsef.pdf
|z Dokumentum-elérés
|
| 856 |
4 |
0 |
|u https://doktori.bibl.u-szeged.hu/id/eprint/3986/2/magyar_tezisfuzet_Csabi_Jozsef.pdf
|z Dokumentum-elérés
|